[Event "Titled Tuesday intern op 16th Apr Late"]
[Site "Chess.com INT"]
[Date "2024.04.16"]
[Round "5"]
[White "Andreikin, Dmitry"]
[Black "Hasangatin, Ramil"]
[Result "1/2-1/2"]
[WhiteElo "2729"]
[BlackElo "2444"]
[PlyCount "104"]
[EventDate "2024.04.16"]
[EventType "swiss (blitz)"]
[EventRounds "11"]
[EventCountry "USA"]
[SourceTitle "CB17_2024"]
[SourceDate "2024.04.24"]
[SourceVersion "1"]
[SourceVersionDate "2024.04.24"]
[SourceQuality "1"]

1. c4 e5 2. Nc3 Nf6 3. Nf3 Nc6 4. e4 Bb4 5. d3 d6 6. a3 Bc5 7. b4 Bd4 8. Nxd4 Nxd4 9. Ne2 c5 10. Nxd4 cxd4 11. Be2 Nd7 12. 0-0 a5 13. Bd2 axb4 14. Bxb4 Nc5 15. f4 Qc7 16. fxe5 dxe5 17. Bh5 g6 18. Rf6 0-0 19. Be2 Kg7 20. Qf1 Be6 21. Qf2 b6 22. Rf1 Qe7 23. h4 h6 24. Kh2 Ra4 25. Qg3 Rxb4 26. axb4 Nd7 27. Rxe6 fxe6 28. Rxf8 Qxf8 29. Bg4 Qf6 30. h5 g5 31. Bd1 Kf7 32. Ba4 Ke7 33. Bc6 Nb8 34. Bb5 Nd7 35. Kg1 Kd6 36. Bxd7 Kxd7 37. Qf2 Qf4 38. g3 Qc1+ 39. Kg2 Ke7 40. Qe2 Qc3 41. b5 Qc1 42. Qa2 Kf6 43. Qa8 Qd2+ 44. Kh3 g4+ 45. Kxg4 Qg5+ 46. Kf3 Qe3+ 47. Kg2 Qe2+ 48. Kh3 Qxh5+ 49. Kg2 Qe2+ 50. Kh3 Qh5+ 51. Kg2 Qe2+ 52. Kh3 Qh5+ 1/2-1/2

[Event "Titled Tuesday intern op 16th Apr Late"]
[Site "Chess.com INT"]
[Date "2024.04.16"]
[Round "9"]
[White "Hong, Andrew Z"]
[Black "Hasangatin, Ramil"]
[Result "1-0"]
[WhiteElo "2542"]
[BlackElo "2444"]
[PlyCount "73"]
[EventDate "2024.04.16"]
[EventType "swiss (blitz)"]
[EventRounds "11"]
[EventCountry "USA"]
[SourceTitle "CB17_2024"]
[SourceDate "2024.04.24"]
[SourceVersion "1"]
[SourceVersionDate "2024.04.24"]
[SourceQuality "1"]

1. d4 d6 2. e4 Nf6 3. Nc3 e5 4. Nf3 Nbd7 5. Bc4 Be7 6. 0-0 0-0 7. Re1 c6 8. a4 exd4 9. Nxd4 Ne5 10. Bf1 Re8 11. h3 Qc7 12. Be3 Bd7 13. f4 Ng6 14. Qf3 a6 15. a5 c5 16. Nb3 Bc6 17. Rad1 Bf8 18. Bf2 Nxe4 19. Nxe4 Rxe4 20. Rxe4 f5 21. Nxc5 fxe4 22. Nxe4 Qxa5 23. Qb3+ d5 24. f5 Ne5 25. Ng5 Bc5 26. Ne6 Bxf2+ 27. Kxf2 Re8 28. Rd4 Nd7 29. Qg3 Re7 30. Rg4 Qb6+ 31. Ke1 Qa5+ 32. b4 Qa1+ 33. Kd2 Qf6 34. Bd3 Ne5 35. Rf4 Nc4+ 36. Bxc4 dxc4 37. Rd4 1-0

[Event "Titled Tuesday intern op 16th Apr Early"]
[Site "Chess.com INT"]
[Date "2024.04.16"]
[Round "4"]
[White "Vedder, Richard"]
[Black "Hasangatin, Ramil"]
[Result "1/2-1/2"]
[WhiteElo "2255"]
[BlackElo "2444"]
[PlyCount "92"]
[EventDate "2024.04.16"]
[EventType "swiss (blitz)"]
[EventRounds "11"]
[EventCountry "USA"]
[SourceTitle "CB17_2024"]
[SourceDate "2024.04.24"]
[SourceVersion "1"]
[SourceVersionDate "2024.04.24"]
[SourceQuality "1"]

1. d4 d6 2. e4 Nf6 3. Nc3 e5 4. Nf3 Nbd7 5. Bc4 Be7 6. 0-0 0-0 7. h3 c6 8. a4 exd4 9. Qxd4 Re8 10. Re1 Qc7 11. Bf4 Bf8 12. Rad1 Ne5 13. Be2 a5 14. Bg5 Nfd7 15. Nxe5 dxe5 16. Qe3 Nc5 17. Bg4 Bxg4 18. hxg4 Ne6 19. Bh4 Bc5 20. Qd3 Qb6 21. b3 Bb4 22. Re3 Nf4 23. Qc4 Ng6 24. Rd7 Rf8 25. Rf3 Nxh4 26. Rfxf7 Kh8 27. Nd1 Rxf7 28. Qxf7 Rg8 29. Ne3 Bc5 30. Nc4 Qb4 31. Nxe5 Qe1+ 32. Kh2 Qf1 33. Kg3 Qxg2+ 34. Kxh4 Bxf2+ 35. Kg5 Bh4+ 36. Kf5 Bf6 37. Qh5 Qf2+ 38. Ke6 Bxe5 39. Qxe5 Re8+ 40. Re7 Rxe7+ 41. Kxe7 h6 42. Qf5 Qxc2 43. Qf8+ Kh7 44. Qf5+ Kh8 45. Qf8+ Kh7 46. Qf5+ Kh8 1/2-1/2

[Event "Titled Tuesday intern op 06th Feb Early"]
[Site "Chess.com INT"]
[Date "2024.02.06"]
[Round "5"]
[White "Hasangatin, Ramil"]
[Black "Ibarra Jerez, Jose Carlos"]
[Result "0-1"]
[WhiteElo "2444"]
[BlackElo "2559"]
[PlyCount "140"]
[EventDate "2024.02.06"]
[EventType "swiss (blitz)"]
[EventRounds "11"]
[EventCountry "USA"]
[SourceTitle "CB07_2024"]
[SourceDate "2024.02.14"]
[SourceVersion "1"]
[SourceVersionDate "2024.02.14"]
[SourceQuality "1"]

1. e4 Nc6 2. Nf3 d6 3. d4 Nf6 4. d5 Nb8 5. Nc3 g6 6. Bc4 Bg7 7. h3 0-0 8. 0-0 e5 9. dxe6 Bxe6 10. Bxe6 fxe6 11. e5 dxe5 12. Qxd8 Rxd8 13. Nxe5 Nd5 14. Nxd5 exd5 15. Bf4 Nd7 16. Rfe1 c6 17. Nxd7 Rxd7 18. Be5 Bf8 19. c3 Re8 20. Kf1 Rde7 21. Bd4 c5 22. Rxe7 Bxe7 23. Be3 Kf7 24. Rd1 Ke6 25. Ke2 b5 26. a4 Rb8 27. axb5 Rxb5 28. Bc1 c4 29. Kd2 Bc5 30. Re1+ Kd6 31. Re2 a5 32. Kc2 d4 33. Bf4+ Kc6 34. cxd4 Bxd4 35. Bc1 Rb7 36. f4 Kd5 37. g4 a4 38. Re8 Rb3 39. Rd8+ Ke4 40. Re8+ Kd5 41. Rd8+ Kc5 42. Rc8+ Kb5 43. Rb8+ Bb6 44. f5 gxf5 45. gxf5 Rxh3 46. Bf4 Kc6 47. f6 Rf3 48. f7 Rxf4 49. f8Q Rxf8 50. Rxf8 Bd4 51. Rf4 Kd5 52. Rf5+ Be5 53. Rh5 Kd4 54. Rxh7 Kc5 55. Rh5 Kd4 56. Rh1 Kc5 57. Re1 Bd4 58. Ra1 Kb4 59. Rd1 Be5 60. Rd5 Bf6 61. Rd6 Be5 62. Rb6+ Kc5 63. Rb7 Bd4 64. Rf7 Be5 65. Rf5 Kd4 66. Rh5 Kd5 67. Rh3 Kc5 68. Rf3 Bd4 69. Rf5+ Kb4 70. Rc5 Bxc5 0-1

[Event "Titled Tuesday intern op 06th Feb Early"]
[Site "Chess.com INT"]
[Date "2024.02.06"]
[Round "2"]
[White "Hasangatin, Ramil"]
[Black "Martinez Alcantara, Jose Eduardo"]
[Result "0-1"]
[WhiteElo "2444"]
[BlackElo "2610"]
[PlyCount "106"]
[EventDate "2024.02.06"]
[EventType "swiss (blitz)"]
[EventRounds "11"]
[EventCountry "USA"]
[SourceTitle "CB07_2024"]
[SourceDate "2024.02.14"]
[SourceVersion "1"]
[SourceVersionDate "2024.02.14"]
[SourceQuality "1"]

1. e4 c5 2. Nf3 d6 3. d4 cxd4 4. Qxd4 a6 5. Be3 Nf6 6. Nc3 Nc6 7. Qb6 Qxb6 8. Bxb6 Bg4 9. Nd2 Be6 10. 0-0-0 Rc8 11. Bc4 g6 12. Bxe6 fxe6 13. f3 Bg7 14. Kb1 Kf7 15. Be3 b5 16. Nb3 Ne5 17. Bd4 Nc4 18. Nd2 Nd7 19. Bxg7 Kxg7 20. Nxc4 Rxc4 21. Ne2 Rhc8 22. c3 Kf7 23. Rd2 a5 24. Rhd1 Rb8 25. Rd4 Rc5 26. Nc1 Rc7 27. R4d2 Ne5 28. Re2 Nc4 29. Nb3 b4 30. cxb4 Rxb4 31. Ka1 a4 32. Nd4 a3 33. b3 Nb2 34. Rxb2 axb2+ 35. Kxb2 Rb6 36. a3 e5 37. Ne2 e6 38. b4 Ke7 39. Kb3 Rbc6 40. Rd2 Rc8 41. b5 Rc5 42. a4 d5 43. Rd3 d4 44. Kb4 Rc2 45. Ng3 h5 46. Nf1 Rb2+ 47. Ka3 Rxg2 48. Nd2 Rxh2 49. b6 Rh1 50. b7 Rb8 51. Rb3 h4 52. a5 Ra1+ 53. Kb4 Rxb7+ 0-1

[Event "Titled Tuesday intern op 14th Nov Early"]
[Site "Chess.com INT"]
[Date "2023.11.14"]
[Round "1"]
[White "Hasangatin, Ramil"]
[Black "Jakubowska, Anna"]
[Result "1-0"]
[WhiteElo "2444"]
[BlackElo "2139"]
[PlyCount "69"]
[EventDate "2023.11.14"]
[EventType "swiss (blitz)"]
[EventRounds "11"]
[EventCountry "USA"]
[SourceTitle "CB47_2023"]
[SourceDate "2023.11.22"]
[SourceVersion "1"]
[SourceVersionDate "2023.11.22"]
[SourceQuality "1"]

1. e4 c6 2. Nf3 d5 3. d3 dxe4 4. dxe4 Qxd1+ 5. Kxd1 g6 6. Be3 Bg7 7. c3 Nh6 8. h3 0-0 9. Kc2 e5 10. Nfd2 f5 11. f3 Be6 12. Bc4 Kf7 13. a4 Nd7 14. Na3 Rfd8 15. Rhd1 Ng8 16. Bxe6+ Kxe6 17. Ndc4 Ne7 18. Rd6+ Kf7 19. Rad1 Ke8 20. Na5 Nc8 21. Re6+ Kf7 22. Nxb7 Rf8 23. Rxd7+ Kxe6 24. Rxg7 Ne7 25. Rxh7 Rfb8 26. Nc5+ Kf6 27. Nd7+ Ke6 28. Nxb8 Rxb8 29. Bg5 Ng8 30. Nc4 fxe4 31. fxe4 Nf6 32. Bxf6 Kxf6 33. Rxa7 Rh8 34. Ra6 Rxh3 35. gxh3 1-0

[Event "Titled Tuesday intern op 14th Nov Early"]
[Site "Chess.com INT"]
[Date "2023.11.14"]
[Round "3"]
[White "Thake, Conrad"]
[Black "Hasangatin, Ramil"]
[Result "0-1"]
[WhiteElo "1773"]
[BlackElo "2444"]
[PlyCount "112"]
[EventDate "2023.11.14"]
[EventType "swiss (blitz)"]
[EventRounds "11"]
[EventCountry "USA"]
[SourceTitle "CB47_2023"]
[SourceDate "2023.11.22"]
[SourceVersion "1"]
[SourceVersionDate "2023.11.22"]
[SourceQuality "1"]

1. e4 d5 2. exd5 Qxd5 3. Nc3 Qd6 4. d4 Nf6 5. Nge2 c6 6. Bf4 Qd8 7. g3 Bg4 8. Bg2 e6 9. h3 Bxe2 10. Qxe2 Bd6 11. Bxd6 Qxd6 12. Rd1 0-0 13. 0-0 Nbd7 14. Ne4 Nxe4 15. Bxe4 Nf6 16. Bg2 Rad8 17. c3 Rfe8 18. Kh2 Nd5 19. Rfe1 b5 20. a3 a5 21. Qe4 a4 22. Bf3 g6 23. Bg2 h5 24. Bf3 Kg7 25. Bg2 Re7 26. h4 Rc7 27. Bf3 Kg8 28. Bg2 Nf6 29. Qe2 Kg7 30. Be4 Rcc8 31. Bg2 Rd7 32. Be4 Nxe4 33. Qxe4 Qd5 34. Qxd5 Rxd5 35. Re3 Rcd8 36. Rde1 c5 37. dxc5 Rxc5 38. Re5 Rdd5 39. f4 Kf6 40. Rxd5 Rxd5 41. Re2 Kf5 42. Kg2 Kg4 43. b4 axb3 44. Rb2 Rd3 45. Rxb3 Rxg3+ 46. Kh2 Rd3 47. Rxb5 Rxc3 48. Rb7 f5 49. Rg7 Rc2+ 50. Kg1 Kxf4 51. Rxg6 e5 52. a4 Ra2 53. Ra6 e4 54. Kf1 Kf3 55. Ke1 e3 56. Ra5 Ra1# 0-1

[Event "Titled Tuesday intern op 24th Oct Late"]
[Site "Chess.com INT"]
[Date "2023.10.24"]
[Round "8"]
[White "Hasangatin, Ramil"]
[Black "Kravtsiv, Martyn"]
[Result "0-1"]
[WhiteElo "2444"]
[BlackElo "2598"]
[PlyCount "84"]
[EventDate "2023.10.24"]
[EventType "swiss (blitz)"]
[EventRounds "11"]
[EventCountry "USA"]
[SourceTitle "Mega2024 Update 01"]
[Source "Chessbase"]
[SourceDate "2023.11.12"]
[SourceVersion "1"]
[SourceVersionDate "2023.11.12"]
[SourceQuality "1"]

1. e4 e5 2. Nf3 Nc6 3. Bb5 a6 4. Ba4 Nf6 5. Bxc6 dxc6 6. d3 Nd7 7. Be3 Bd6 8. Nbd2 0-0 9. Nc4 Re8 10. Nxd6 cxd6 11. 0-0 Nf6 12. Bg5 h6 13. Bh4 g5 14. Bg3 Bg4 15. h3 Bh5 16. Bh2 g4 17. hxg4 Bxg4 18. Qe2 Nh5 19. Qe3 Qf6 20. Nd2 Nf4 21. f3 Be6 22. d4 Kh7 23. dxe5 dxe5 24. Bxf4 exf4 25. Qc3 Qg5 26. Rf2 Rad8 27. e5 Bd5 28. Re1 Re6 29. Qd3+ Rg6 30. Ne4 Bxe4 31. Qxe4 Kh8 32. Ree2 Rd5 33. c4 Rd1+ 34. Re1 Rd7 35. Rfe2 h5 36. c5 h4 37. e6 Rxe6 38. Qc4 h3 39. Qc3+ Kg8 40. Kh1 Rxe2 41. Rxe2 Rd1+ 42. Kh2 Qg3# 0-1

[Event "Titled Tuesday intern op 24th Oct Late"]
[Site "Chess.com INT"]
[Date "2023.10.24"]
[Round "4"]
[White "Hasangatin, Ramil"]
[Black "Osmak, Iulija"]
[Result "1/2-1/2"]
[WhiteElo "2444"]
[BlackElo "2449"]
[PlyCount "200"]
[EventDate "2023.10.24"]
[EventType "swiss (blitz)"]
[EventRounds "11"]
[EventCountry "USA"]
[SourceTitle "Mega2024 Update 01"]
[Source "Chessbase"]
[SourceDate "2023.11.12"]
[SourceVersion "1"]
[SourceVersionDate "2023.11.12"]
[SourceQuality "1"]

1. e4 c5 2. Nf3 Nc6 3. Bb5 g6 4. 0-0 Bg7 5. c3 e5 6. d4 cxd4 7. cxd4 Nxd4 8. Nxd4 exd4 9. f4 Ne7 10. f5 Nc6 11. f6 Bf8 12. Bc4 Bc5 13. Bh6 Ne5 14. Bd5 d6 15. Bg7 Rg8 16. Qb3 Qb6 17. Nd2 Bd7 18. Bxb7 Rb8 19. Qxb6 Bxb6 20. Bd5 Bb5 21. Rfc1 d3+ 22. Kh1 Bd4 23. Rab1 Ng4 24. h3 Bxf6 25. hxg4 Rxg7 26. Nf3 Bd7 27. g5 Bxb2 28. Rd1 Rb6 29. Rxd3 Ke7 30. Bb3 Be5 31. Rbd1 Be6 32. Kg1 Bxb3 33. axb3 Ke6 34. Kf2 Rg8 35. Rc1 Re8 36. Rc7 Re7 37. Rc8 Reb7 38. Re8+ Kd7 39. Rg8 Ke6 40. Re8+ Re7 41. Ra8 Rb4 42. Ke3 Bg7 43. Nd4+ Bxd4+ 44. Rxd4 Rxb3+ 45. Kf4 Rb2 46. Rd8 Rd7 47. Re8+ Re7 48. Rd8 Rb6 49. g4 a5 50. Ra8 Rb5 51. Ra4 Reb7 52. R8xa5 Rxa5 53. Rxa5 Rb1 54. Ra7 Rf1+ 55. Ke3 Re1+ 56. Kf4 Rf1+ 57. Ke3 Rg1 58. Kf4 Rh1 59. Ra8 Rf1+ 60. Ke3 Rh1 61. Kf4 h6 62. gxh6 Rxh6 63. g5 Rh4+ 64. Kf3 Ke5 65. Re8+ Kd4 66. Re7 Rh3+ 67. Kf4 Rh4+ 68. Kf3 Rh5 69. Kg4 Rh1 70. Rxf7 Kxe4 71. Re7+ Kd5 72. Rg7 Rg1+ 73. Kf4 Rf1+ 74. Kg4 Rg1+ 75. Kf4 Rf1+ 76. Ke3 Rf5 77. Rxg6 Ke5 78. Rg8 d5 79. Re8+ Kd6 80. g6 Rg5 81. Rg8 Ke6 82. Kf4 Rf5+ 83. Kg4 Rf1 84. Kg5 Rg1+ 85. Kh6 Rh1+ 86. Kg7 d4 87. Rd8 Ke5 88. Kf7 Rf1+ 89. Ke7 Rg1 90. Rg8 Ke4 91. g7 d3 92. Kf7 Kf3 93. Rd8 Rxg7+ 94. Kxg7 Ke2 95. Re8+ Kf1 96. Rd8 Ke2 97. Re8+ Kf1 98. Rf8+ Ke2 99. Rd8 d2 100. Rxd2+ Kxd2 1/2-1/2

[Event "Titled Tuesday intern op 26th Sep Early"]
[Site "Chess.com INT"]
[Date "2023.09.26"]
[Round "3"]
[White "Hasangatin, Ramil"]
[Black "Svane, Rasmus"]
[Result "1/2-1/2"]
[WhiteElo "2444"]
[BlackElo "2641"]
[PlyCount "80"]
[EventDate "2023.09.26"]
[EventType "swiss (blitz)"]
[EventRounds "11"]
[EventCountry "USA"]
[SourceTitle "EXT 2024"]
[Source "ChessBase"]
[SourceDate "2023.10.10"]
[SourceVersion "1"]
[SourceVersionDate "2023.10.10"]
[SourceQuality "1"]

1. e4 c6 2. d4 d5 3. Nd2 dxe4 4. Nxe4 Nf6 5. Nxf6+ exf6 6. c3 Bd6 7. Bd3 0-0 8. Qc2 Re8+ 9. Ne2 h5 10. h3 Nd7 11. Be3 Nf8 12. 0-0-0 Be6 13. Kb1 b5 14. Bf4 a5 15. Bxd6 Qxd6 16. Nc1 a4 17. Rhe1 b4 18. cxb4 Qxb4 19. a3 Qb7 20. Bc4 Red8 21. Na2 Bxc4 22. Qxc4 Ne6 23. Nb4 Rd6 24. Rd3 Rad8 25. Red1 Nf4 26. Rc3 c5 27. Qxc5 Qxg2 28. Nc6 Qe4+ 29. Ka1 R8d7 30. Re3 Qxc6 31. Re8+ Kh7 32. Qf5+ g6 33. Qxf4 Qc2 34. Rde1 Kg7 35. Rh8 g5 36. Ree8 Qd1+ 37. Ka2 Qb3+ 38. Ka1 Qd1+ 39. Ka2 Qb3+ 40. Ka1 Qd1+ 1/2-1/2

[Event "Titled Tuesday intern op 26th Sep Early"]
[Site "Chess.com INT"]
[Date "2023.09.26"]
[Round "7"]
[White "Toman, Ondrej"]
[Black "Hasangatin, Ramil"]
[Result "0-1"]
[WhiteElo "2283"]
[BlackElo "2444"]
[PlyCount "128"]
[EventDate "2023.09.26"]
[EventType "swiss (blitz)"]
[EventRounds "11"]
[EventCountry "USA"]
[SourceTitle "EXT 2024"]
[Source "ChessBase"]
[SourceDate "2023.10.10"]
[SourceVersion "1"]
[SourceVersionDate "2023.10.10"]
[SourceQuality "1"]

1. d4 d6 2. c4 e5 3. dxe5 dxe5 4. Qxd8+ Kxd8 5. Nc3 Be6 6. e4 Nd7 7. Nf3 f6 8. Be3 c6 9. Be2 a5 10. Rg1 Bc5 11. g4 g5 12. 0-0-0 Bxe3+ 13. fxe3 Ne7 14. h4 h6 15. Rh1 Kc7 16. Rdg1 Nc5 17. b3 Ng6 18. h5 Ne7 19. Nd2 Rhf8 20. Nf1 Rad8 21. Ng3 a4 22. Kc2 axb3+ 23. axb3 Na6 24. Rd1 Nc8 25. Rhf1 Rxd1 26. Nxd1 Nd6 27. Nc3 b6 28. Nf5 Bxf5 29. exf5 e4 30. Rd1 Re8 31. Kb2 Re5 32. Na2 Nb7 33. Kc3 Re7 34. b4 Nd6 35. Nc1 c5 36. bxc5 bxc5 37. Nb3 Nb7 38. Rd5 Rd7 39. Bd1 Rxd5 40. cxd5 Nd6 41. Nd2 Nb4 42. Bc2 Nxd5+ 43. Kb3 Nxe3 44. Bxe4 Nxg4 45. Bc2 Ne3 46. Kc3 Nexf5 47. Bxf5 Nxf5 48. Ne4 g4 49. Nxf6 g3 50. Nd5+ Kd6 51. Nf4 Ke5 52. Ng2 Ke4 53. Kd2 Kf3 54. Ne1+ Kg4 55. Ke2 Nd4+ 56. Kf1 Kxh5 57. Ng2 Kg4 58. Kg1 h5 59. Kh1 h4 60. Kg1 h3 61. Ne3+ Kf3 62. Nf1 Ne2+ 63. Kh1 c4 64. Nd2+ Kg4 0-1

[Event "Titled Tuesday intern op 19th Sep Late"]
[Site "Chess.com INT"]
[Date "2023.09.19"]
[Round "6"]
[White "Galego, Luis"]
[Black "Hasangatin, Ramil"]
[Result "0-1"]
[WhiteElo "2468"]
[BlackElo "2444"]
[PlyCount "98"]
[EventDate "2023.09.19"]
[EventType "swiss (blitz)"]
[EventRounds "11"]
[EventCountry "USA"]
[SourceTitle "EXT 2024"]
[Source "ChessBase"]
[SourceDate "2023.10.10"]
[SourceVersion "1"]
[SourceVersionDate "2023.10.10"]
[SourceQuality "1"]

1. d4 d6 2. c4 e5 3. dxe5 dxe5 4. Qxd8+ Kxd8 5. Nc3 Be6 6. b3 Nd7 7. Bb2 c6 8. 0-0-0 Kc7 9. g3 f6 10. Bh3 Bxh3 11. Nxh3 Nh6 12. Rhg1 Nf7 13. g4 h5 14. g5 f5 15. f4 g6 16. e4 Bc5 17. Rge1 exf4 18. exf5 Be3+ 19. Rxe3 fxe3 20. fxg6 Nfe5 21. Nf4 Rag8 22. g7 Rh7 23. Ne6+ Kc8 24. Ne4 e2 25. Re1 Nd3+ 26. Kd2 Nxb2 27. Rxe2 Rhxg7 28. Nxg7 Rxg7 29. Kc2 Nxc4 30. bxc4 Kc7 31. h4 Re7 32. Kd1 Ne5 33. Nf6 Ng6 34. Rxe7+ Nxe7 35. Nxh5 Ng6 36. c5 Kd8 37. Ke2 Ke7 38. Ke3 Nxh4 39. Nf4 Nf5+ 40. Ke4 Ng7 41. Ke5 b6 42. cxb6 axb6 43. a4 Ne8 44. g6 Ng7 45. Nd3 Ne6 46. Nb4 Nd8 47. g7 Kf7 48. Kd6 c5 49. Nd5 c4 0-1

[Event "Titled Tuesday intern op 19th Sep Late"]
[Site "Chess.com INT"]
[Date "2023.09.19"]
[Round "7"]
[White "Hasangatin, Ramil"]
[Black "Cheng, Xiao"]
[Result "0-1"]
[WhiteElo "2444"]
[BlackElo "2288"]
[PlyCount "110"]
[EventDate "2023.09.19"]
[EventType "swiss (blitz)"]
[EventRounds "11"]
[EventCountry "USA"]
[SourceTitle "EXT 2024"]
[Source "ChessBase"]
[SourceDate "2023.10.10"]
[SourceVersion "1"]
[SourceVersionDate "2023.10.10"]
[SourceQuality "1"]

1. e4 c5 2. Nf3 e6 3. g3 Nc6 4. Bg2 d5 5. exd5 exd5 6. d4 Nf6 7. 0-0 Be7 8. dxc5 0-0 9. Be3 d4 10. Nxd4 Ne5 11. Nb3 Nc4 12. Bd4 a5 13. a4 Ra6 14. N1d2 Nxd2 15. Qxd2 Qc7 16. Rad1 Bg4 17. Rde1 Be6 18. Be5 Qc8 19. Bd6 Rd8 20. Re3 Bxd6 21. cxd6 Raxd6 22. Qc3 b6 23. Rfe1 Nd5 24. Qxc8 Rxc8 25. Bxd5 Rxd5 26. c3 Rc4 27. Nd4 Rxa4 28. Nxe6 fxe6 29. Rxe6 Rb5 30. Rd1 Ra2 31. Rd7 h6 32. Ree7 Rg5 33. b4 axb4 34. cxb4 Rb2 35. Rd4 Rf5 36. Rdd7 Rg5 37. h4 Rg4 38. Kg2 Rbxb4 39. f3 Rg6 40. h5 Rg5 41. f4 Rxf4 42. Kh3 Rfg4 43. Re3 Rb4 44. Re8+ Kh7 45. Rdd8 Rxh5+ 46. Kg2 Rg5 47. Rh8+ Kg6 48. Rd6+ Kh5 49. Re8 Rb2+ 50. Kh3 Rb3 51. Kh2 Rbxg3 52. Re2 b5 53. Rd4 R3g4 54. Rd3 b4 55. Rh3+ Rh4 0-1

[Event "Titled Tuesday intern op 19th Sep Late"]
[Site "Chess.com INT"]
[Date "2023.09.19"]
[Round "5"]
[White "Hasangatin, Ramil"]
[Black "Michalczak, Thomas"]
[Result "1-0"]
[WhiteElo "2444"]
[BlackElo "2200"]
[PlyCount "65"]
[EventDate "2023.09.19"]
[EventType "swiss (blitz)"]
[EventRounds "11"]
[EventCountry "USA"]
[SourceTitle "EXT 2024"]
[Source "ChessBase"]
[SourceDate "2023.10.10"]
[SourceVersion "1"]
[SourceVersionDate "2023.10.10"]
[SourceQuality "1"]

1. e4 e5 2. Nf3 Nc6 3. Bb5 a6 4. Ba4 Nf6 5. Bxc6 dxc6 6. d3 Bd6 7. Bg5 h6 8. Bh4 Bg4 9. h3 Bh5 10. Nbd2 g5 11. Bg3 Nd7 12. Nc4 Qe7 13. Ne3 Bg6 14. Nd2 0-0-0 15. Qf3 Qe6 16. Nf5 c5 17. Nc4 Nb8 18. 0-0-0 Nc6 19. c3 b5 20. Ncxd6+ cxd6 21. Kb1 Bxf5 22. exf5 Qd7 23. d4 exd4 24. cxd4 Nxd4 25. Rxd4 cxd4 26. Qa8+ Kc7 27. Qa7+ Kc6 28. Qxd4 Qxf5+ 29. Ka1 Rhe8 30. Qa7 Ra8 31. Rc1+ Kd5 32. Rd1+ Kc4 33. Qd4# 1-0

[Event "Titled Tuesday intern op 19th Sep Late"]
[Site "Chess.com INT"]
[Date "2023.09.19"]
[Round "3"]
[White "Paravyan, David"]
[Black "Hasangatin, Ramil"]
[Result "1-0"]
[WhiteElo "2599"]
[BlackElo "2444"]
[PlyCount "79"]
[EventDate "2023.09.19"]
[EventType "swiss (blitz)"]
[EventRounds "11"]
[EventCountry "USA"]
[SourceTitle "EXT 2024"]
[Source "ChessBase"]
[SourceDate "2023.10.10"]
[SourceVersion "1"]
[SourceVersionDate "2023.10.10"]
[SourceQuality "1"]

1. e4 d5 2. exd5 Qxd5 3. Nc3 Qd6 4. d4 Nf6 5. Nf3 c6 6. Ne5 Nbd7 7. Nc4 Qc7 8. Qf3 Nb6 9. Bf4 Qd8 10. Ne5 Be6 11. 0-0-0 Nbd5 12. Nxd5 Qxd5 13. Qxd5 Nxd5 14. Bg3 g6 15. Bc4 Bh6+ 16. Kb1 0-0 17. Rhe1 Rfe8 18. Bb3 Rad8 19. Nd3 Bc8 20. a3 Bg7 21. c3 b5 22. Ne5 Bb7 23. h4 Rc8 24. h5 Rcd8 25. Rh1 g5 26. h6 Bf6 27. Bc2 e6 28. Ng4 Be7 29. Rhe1 f5 30. Ne5 Bf6 31. Nd3 f4 32. Bh2 Bc8 33. Nc5 e5 34. Ne4 Bh8 35. Nxg5 exd4 36. Bxh7+ Kf8 37. Rxe8+ Rxe8 38. cxd4 Bg4 39. f3 Bh5 40. Be4 1-0

[Event "Titled Tuesday intern op 12th Sep Early"]
[Site "Chess.com INT"]
[Date "2023.09.12"]
[Round "1"]
[White "Hasangatin, Ramil"]
[Black "Gogolev, Artem"]
[Result "1-0"]
[WhiteElo "2444"]
[BlackElo "2250"]
[PlyCount "125"]
[EventDate "2023.09.12"]
[EventType "swiss (blitz)"]
[EventRounds "11"]
[EventCountry "USA"]
[SourceTitle "EXT 2024"]
[Source "ChessBase"]
[SourceDate "2023.10.10"]
[SourceVersion "1"]
[SourceVersionDate "2023.10.10"]
[SourceQuality "1"]

1. e4 c6 2. Nf3 d5 3. d3 g6 4. Qe2 Bg7 5. g3 Nf6 6. Bg2 0-0 7. 0-0 Bg4 8. Nbd2 Na6 9. h3 Bxf3 10. Nxf3 Nc5 11. e5 Nfd7 12. d4 Ne4 13. Kh2 f6 14. exf6 exf6 15. Nd2 f5 16. c3 Re8 17. Qd3 Ndf6 18. Nf3 h6 19. Bf4 Nd7 20. c4 dxc4 21. Qxc4+ Kh7 22. Rad1 Nb6 23. Qb3 Qd5 24. Qc2 Qxa2 25. Ne5 Nd6 26. h4 Qe6 27. Rfe1 Qf6 28. Qc5 Rad8 29. Qa5 Ra8 30. Rd3 Ne4 31. Rxe4 fxe4 32. Bxe4 Re6 33. h5 Kg8 34. hxg6 Qe7 35. Kg2 Rf8 36. Qxa7 Nd7 37. Qxb7 Nxe5 38. Qxe7 Rxe7 39. dxe5 Bxe5 40. Bxh6 Rb8 41. b3 c5 42. Bd5+ Kh8 43. Re3 Bf6 44. Bf4 Rxe3 45. Bxe3 Bd4 46. Bf4 Rd8 47. Bf7 Kg7 48. Kf3 Rd7 49. g4 Bf6 50. Be3 Bd4 51. Bf4 Bf6 52. Bg3 Rd3+ 53. Ke4 Rd4+ 54. Ke3 Rd7 55. f4 Bd4+ 56. Kf3 Re7 57. Bf2 Bxf2 58. Kxf2 Kf6 59. Kf3 Rd7 60. Bc4 Kxg6 61. g5 Rd4 62. Kg4 Kg7 63. Kf5 1-0

[Event "Titled Tuesday intern op 12th Sep Early"]
[Site "Chess.com INT"]
[Date "2023.09.12"]
[Round "6"]
[White "Hasangatin, Ramil"]
[Black "Pakhomova, Ekaterina"]
[Result "0-1"]
[WhiteElo "2444"]
[BlackElo "2030"]
[PlyCount "64"]
[EventDate "2023.09.12"]
[EventType "swiss (blitz)"]
[EventRounds "11"]
[EventCountry "USA"]
[SourceTitle "EXT 2024"]
[Source "ChessBase"]
[SourceDate "2023.10.10"]
[SourceVersion "1"]
[SourceVersionDate "2023.10.10"]
[SourceQuality "1"]

1. e4 c5 2. Nf3 Nc6 3. Bb5 Nf6 4. Bxc6 dxc6 5. d3 Qc7 6. e5 Nd5 7. h3 Bf5 8. Qe2 e6 9. Nh4 Bg6 10. Nxg6 hxg6 11. Nd2 g5 12. 0-0 0-0-0 13. Nf3 Be7 14. Nxg5 Bxg5 15. Bxg5 f6 16. exf6 gxf6 17. Qxe6+ Kb8 18. Bd2 Rdg8 19. Rfe1 Qg7 20. Qd6+ Ka8 21. Qh2 Qd7 22. Kh1 f5 23. c4 Nb4 24. Bxb4 cxb4 25. Re3 a6 26. Rae1 Qg7 27. Re5 f4 28. Rg1 Qxe5 29. b3 Qd4 30. f3 Rg3 31. Re1 Qf2 32. Rg1 Qxa2 0-1

[Event "Titled Tuesday intern op 12th Sep Early"]
[Site "Chess.com INT"]
[Date "2023.09.12"]
[Round "8"]
[White "Hasangatin, Ramil"]
[Black "Tasev, Dejan"]
[Result "0-1"]
[WhiteElo "2444"]
[BlackElo "2205"]
[PlyCount "104"]
[EventDate "2023.09.12"]
[EventType "swiss (blitz)"]
[EventRounds "11"]
[EventCountry "USA"]
[SourceTitle "EXT 2024"]
[Source "ChessBase"]
[SourceDate "2023.10.10"]
[SourceVersion "1"]
[SourceVersionDate "2023.10.10"]
[SourceQuality "1"]

1. e4 e5 2. Nf3 Nc6 3. Bb5 a6 4. Ba4 Nf6 5. Bxc6 dxc6 6. d3 Nd7 7. Be3 f6 8. Nbd2 Be7 9. Nh4 Nf8 10. Qh5+ g6 11. Qh6 Kf7 12. Nhf3 Ne6 13. 0-0-0 Bf8 14. Qh4 Bd7 15. Nc4 Bg7 16. d4 exd4 17. Nxd4 Nxd4 18. Bxd4 Qe7 19. Kb1 Rad8 20. Rhe1 Be6 21. Ne3 Rhe8 22. Bc3 Kg8 23. f3 b5 24. a3 Rxd1+ 25. Rxd1 Rd8 26. Qe1 Rxd1+ 27. Qxd1 Kf7 28. Qd3 Qd6 29. g3 Bh6 30. f4 Qxd3 31. cxd3 f5 32. Be5 Bf8 33. Bxc7 Bc5 34. Nf1 fxe4 35. dxe4 Bc4 36. Nd2 Bd3+ 37. Kc1 Be3 38. e5 Ke6 39. Kd1 Bf5 40. Nf3 Bg4 41. Ke2 Bc1 42. Kf2 Bxf3 43. Kxf3 Bxb2 44. Bd6 Kd5 45. g4 c5 46. h4 c4 47. Ke3 a5 48. h5 Bc1+ 49. Kf3 c3 50. f5 gxh5 51. gxh5 c2 52. f6 Bh6 0-1